| 000 | 00778nam a2200193 i 4500 | ||
|---|---|---|---|
| 001 | 162176 | ||
| 003 | ES-MaACL | ||
| 005 | 20250903005841.0 | ||
| 008 | 020730s1896 sp |||| | spa d | ||
| 040 |
_aCCPB | B _bspa _cCCPB | B |
||
| 100 | 1 |
_aPiñera, Rafael de la. _9131197 |
|
| 245 | 1 | 0 |
_aTeoría y cálculo de los números aproximados para uso de los candidatos a escuelas especiales / _cpor Rafael de la Piñera. |
| 250 | _a2ª ed. | ||
| 260 |
_aMadrid : _b[s.n.], _c1896 ( _fAsilo de Huérfanos del Sagrado Corazón de Jesús) |
||
| 300 |
_a76 p. ; _c22 cm. |
||
| 650 | 7 |
_aCálculo _2embne _910668 |
|
| 852 |
_aES-MaACL _jT-1025-F-3 _z-- Enc. hol. conservando la cub. original _z-- Ex-libris de Antonio Gascon _z-- Enc. en un vol. facticio |
||
| 999 |
_c162176 _d162176 |
||